Επιστήμη και τεχνολογία υλικών
Αποθηκεύτηκε σε:
| Κύριος συγγραφέας: | |
|---|---|
| Άλλοι συγγραφείς: | |
| Μορφή: | Βιβλίο |
| Γλώσσα: | Greek English |
| Δημοσίευση: |
Θεσσαλονίκη :
Τζιόλα,
c2016, c2018.
|
| Έκδοση: | 9η έκδ. |
| Θέματα: | |
| Ετικέτες: |
Προσθήκη ετικέτας
Δεν υπάρχουν, Καταχωρήστε ετικέτα πρώτοι!
|
MARC
| LEADER | 00000cam a2200000 a 4500 | ||
|---|---|---|---|
| 001 | 1/110594 | ||
| 008 | 160415s2016####gr | ||| |||| ||gre|| | ||
| 020 | |a 9789604185566 | ||
| 040 | |a GR-MyUa |b gre |c GR-MyUa |e AACR2 | ||
| 041 | 1 | |a gre |h eng | |
| 082 | 7 | |a 620.11 |2 (23) | |
| 100 | 1 | |a Callister, William D., |c Jr., |d 1940- | |
| 245 | 1 | 0 | |a Επιστήμη και τεχνολογία υλικών / |c William D. Callister, Jr., David G. Rethwisch ; γενική επιμέλεια και συντονισμός Κωνσταντίνος Γαλιώτης. |
| 250 | |a 9η έκδ. | ||
| 260 | |a Θεσσαλονίκη : |b Τζιόλα, |c c2016, c2018. | ||
| 300 | |a xv, 984 σ. : |b εικ. ; |c 30 εκ. | ||
| 504 | |a Περιλαμβάνει βιβλιογραφίες και ευρετήριο. | ||
| 650 | 0 | |a Materials. | |
| 700 | 1 | |a Rethwisch, David G. | |
| 852 | |a INST |b CHIOS |e 20191004 |h 620.11 CAL |p 005200039271 |q 005200039271 |t BK |y 0 | ||
| 852 | |a INST |b CHIOS |c EUDOXUS |e 20161130 |h 620.11 CAL |p 005200038989 |q 005200038989 |t EDX |y 0 | ||
| 852 | |a INST |b CHIOS |c EUDOXUS |e 20161128 |h 620.11 CAL |p 005200038999 |q 005200038999 |t EDX |y 0 | ||
| 852 | |a INST |b SYROS |c EUDOXUS |e 20160415 |h 620.11 CAL |p 005500011667 |q 005500011667 |t EDX |y 0 | ||
| 852 | |a INST |b SYROS |c EUDOXUS |e 20161018 |h 620.11 CAL |p 005500012774 |q 005500012774 |t EDX |y 0 | ||
| 920 | |a Εύδοξος |b Επιστροφή |y Χίος |z 2016-11 | ||
| 920 | |a Εύδοξος |b Επιστροφή |y Χίος |z 2016-11 | ||
| 920 | |a Εύδοξος |b Παραγγελία |y Σύρος-ΤΜΣΠΣ |z 2016-04 | ||
| 920 | |a Εύδοξος |b Επιστροφή |y Σύρος |z 2016-10 | ||
| 970 | |a Κοντού |b Παρασκευή |z 15/04/2016 | ||